Quantum mechanics (Record no. 240968)
[ view plain ]
| 000 -LEADER | |
|---|---|
| fixed length control field | 01531nam a22002177a 4500 |
| 003 - CONTROL NUMBER IDENTIFIER | |
| control field | St Aloysius Coll |
| 005 - DATE AND TIME OF LATEST TRANSACTION | |
| control field | 20260305182335.0 |
| 008 - FIXED-LENGTH DATA ELEMENTS--GENERAL INFORMATION | |
| fixed length control field | 260227b |||||||| |||| 00| 0 eng d |
| 020 ## - INTERNATIONAL STANDARD BOOK NUMBER | |
| International Standard Book Number | 9781009594851 |
| 040 ## - CATALOGING SOURCE | |
| Transcribing agency | AL |
| 041 ## - LANGUAGE CODE | |
| Language code of text/sound track or separate title | English |
| 082 ## - DEWEY DECIMAL CLASSIFICATION NUMBER | |
| Classification number | 530.12 |
| Item number | TONQ |
| 100 ## - MAIN ENTRY--PERSONAL NAME | |
| Personal name | David Tong |
| 9 (RLIN) | 257116 |
| 245 ## - TITLE STATEMENT | |
| Title | Quantum mechanics |
| Remainder of title | : lectures on theoretical physics Vol 3 |
| 260 ## - PUBLICATION, DISTRIBUTION, ETC. | |
| Place of publication, distribution, etc. | New York |
| Name of publisher, distributor, etc. | Cambridge University Press |
| Date of publication, distribution, etc. | 2025 |
| 300 ## - PHYSICAL DESCRIPTION | |
| Extent | xiv, 686p. |
| Other physical details | PB |
| Dimensions | 25x17.5cm |
| 365 ## - TRADE PRICE | |
| Source of price type code | General |
| Price type code | 6287 |
| Price amount | ₹3507.00 |
| Currency code | ₹ |
| Unit of pricing | ₹4384.00 |
| Price note | 20% |
| Price effective from | 24/02/2026 |
| 520 ## - SUMMARY, ETC. | |
| Summary, etc. | The universe we live in is both strange and interesting. This strangeness comes about because, at the most fundamental level, the universe is governed by the laws of quantum mechanics. This is the most spectacularly accurate and powerful theory ever devised, one that has given us insights into many aspects of the world, from the structure of matter to the meaning of information. This textbook provides a comprehensive account of all thing's quantum. It starts by introducing the wavefunction and its interpretation as an ephemeral wave of complex probability, before delving into the mathematical formalism of quantum mechanics and exploring its diverse applications, from atomic physics and scattering to quantum computing. Designed to be accessible, this volume is suitable for both students and researchers, beginning with the basics before progressing to more advanced topics. |
| 650 ## - SUBJECT ADDED ENTRY--TOPICAL TERM | |
| Source of heading or term | Quantum Mechanics |
| Topical term or geographic name entry element | Physis |
| 9 (RLIN) | 257117 |
| 942 ## - ADDED ENTRY ELEMENTS (KOHA) | |
| Source of classification or shelving scheme | Dewey Decimal Classification |
| Koha item type | Book |
| Withdrawn status | Lost status | Source of classification or shelving scheme | Damaged status | Not for loan | Collection code | Home library | Current library | Date acquired | Source of acquisition | Cost, normal purchase price | Total Checkouts | Full call number | Barcode | Date last seen | Cost, replacement price | Price effective from | Koha item type |
|---|---|---|---|---|---|---|---|---|---|---|---|---|---|---|---|---|---|
| Dewey Decimal Classification | Physics | St Aloysius PG Library | St Aloysius PG Library | 02/22/7022 | Biblios Book Point | 3507.00 | 530.12 TONQ | PG025236 | 02/27/2026 | 4384.00 | Book |